Finančno-ekonomická analýza podniku za roky 2006-2008 diplomová práca

Na minha lista:
Detalhes bibliográficos
Autor principal: Vargončíková, Veronika
Autor Corporativo: Fakulta podnikového manažmentu EU. Katedra podnikových financií
Outros Autores: Bešinová, Zuzana
Formato: Livro
Idioma:eslovaco
Publicado em: Bratislava 2010
Tags: Adicionar Tag
Sem tags, seja o primeiro a adicionar uma tag!

MARC

LEADER 00000nam$a2200000$$$4500
001 0121392
005 20240318122141.6
041 0 |a slo 
044 |a SK 
245 1 0 |a Finančno-ekonomická analýza podniku za roky 2006-2008  |b diplomová práca  |c Veronika Vargončíková ; škol. Zuzana Bešinová 
264 1 |a Bratislava  |c 2010 
300 |a 65 s. 
100 1 |a Vargončíková, Veronika 
700 1 |a Bešinová, Zuzana 
710 2 |a Fakulta podnikového manažmentu EU. Katedra podnikových financií